| 000 | 01700nam a22004095a 4500 | ||
|---|---|---|---|
| 001 | mxtnps1skg5zlvhd | ||
| 003 | LIBRIS | ||
| 005 | 20241105180137.0 | ||
| 007 | cr ||| ||||| | ||
| 008 | 190524s2011 xx |||||o|||||000 0|und|d | ||
| 020 | _a1445381591 (Print) | ||
| 020 | _a9781445381596 (Print) | ||
| 035 | _a(WaSeSS)ssj0001259555 | ||
| 035 | _a(WaSeSS)ssj0001259555 | ||
| 035 | _a(WaSeSS)ssj0001259555 | ||
| 035 | _a(WaSeSS)ssj0001259555 | ||
| 040 |
_aSEK _ea _cDLC |
||
| 041 | _aund | ||
| 080 |
_a61 _bC-45 |
||
| 100 | 1 |
_aChang, Joy _4aut |
|
| 245 | 1 | 0 | _aCore Clinical Cases for Medical Students: A Problem-Based Learning Approach for Succeeding at Medical School |
| 260 |
_aLondon _bBPP _c2011 |
||
| 264 | 1 | _c2011 | |
| 300 | _a470 p. | ||
| 650 | 4 | _aInternal Medicine | |
| 650 | 0 |
_aMedicine _969 |
|
| 653 | _aმედიცინა | ||
| 653 | _aშინაგანი მედიცინა | ||
| 653 | _aპაციენტის შემთხვევები | ||
| 700 |
_982 _aMehta, Chirag |
||
| 776 | 0 | 8 |
_iPrint _tCore Clinical Cases for Medical Students: A Problem-Based Learning Approach for Succeeding at Medical School _z1445381591 _z9781445381596 |
| 887 |
_a{"@id":"mxtnps1skg5zlvhd","modified":"2019-05-24T08:12:21.844+02:00","checksum":"43440917087"} _2librisxl |
||
| 887 |
_a{"@id":"3d9458hc1hb72c2c","modified":"2019-05-24T08:12:21.912+02:00","checksum":"43841590016"} _2librisxl |
||
| 887 |
_a{"@id":"fsjgw2f1c94vp1vv","modified":"2020-09-16T09:30:29.421+02:00","checksum":"37182113488"} _2librisxl |
||
| 887 |
_a{"@id":"5gc67bkl3qqvjr6s","modified":"2020-11-03T08:15:00.699+01:00","checksum":"30617666548"} _2librisxl |
||
| 942 |
_2udc _cBK _e2 |
||
| 999 |
_c48 _d48 |
||